Review and Assessment Report (Record no. 1365)
[ view plain ]
| 000 -LEADER | |
|---|---|
| fixed length control field | 00347nam a22001217a 4500 |
| 008 - FIXED-LENGTH DATA ELEMENTS--GENERAL INFORMATION | |
| fixed length control field | 230619b xxu||||| |||| 00| 0 eng d |
| 082 ## - DEWEY DECIMAL CLASSIFICATION NUMBER | |
| Classification number | 304.8 |
| Item number | ZEI |
| 100 ## - MAIN ENTRY--PERSONAL NAME | |
| Titles and words associated with a name | Appraisal Group |
| 110 ## - MAIN ENTRY--CORPORATE NAME | |
| Subordinate unit | Appraisal Group |
| 245 ## - TITLE STATEMENT | |
| Title | Review and Assessment Report |
| Remainder of title | On the parliamentary Movement on population and Development |
| 300 ## - PHYSICAL DESCRIPTION | |
| Extent | 61p |
| 942 ## - ADDED ENTRY ELEMENTS (KOHA) | |
| Source of classification or shelving scheme | Dewey Decimal Classification |
| Koha item type | Books |
| Withdrawn status | Lost status | Source of classification or shelving scheme | Damaged status | Not for loan | Home library | Current library | Date acquired | Total Checkouts | Full call number | Barcode | Date last seen | Price effective from | Koha item type |
|---|---|---|---|---|---|---|---|---|---|---|---|---|---|
| Dewey Decimal Classification | County Hall Archives | County Hall Archives | 06/19/2023 | 304.8 ZEI | 10014157 | 06/19/2023 | 06/19/2023 | Books |
